Концепт щастя в англомовній картині світу (Запис № 284132)

МАРК-запис
000 -LEADER
fixed length control field 01269nam a22001577a 4500
041 ## - LANGUAGE CODE
Language code of text/sound track or separate title ukr
080 ## - UNIVERSAL DECIMAL CLASSIFICATION NUMBER
Universal Decimal Classification number 09
090 ## - LOCALLY ASSIGNED LC-TYPE CALL NUMBER (OCLC); LOCAL CALL NUMBER (OCLC)
Local cutter number (OCLC) ; Book number/undivided call number, CALL (RLIN) КЛИ
100 ## - MAIN ENTRY--PERSONAL NAME
Personal name Климчук О.В.
245 ## - TITLE STATEMENT
Title Концепт щастя в англомовній картині світу
260 ## - PUBLICATION, DISTRIBUTION, ETC. (IMPRINT)
Place of publication, distribution, etc Острог
Name of publisher, distributor, etc КАФ
Date of publication, distribution, etc 2009
300 ## - PHYSICAL DESCRIPTION
Extent 44
520 ## - SUMMARY, ETC.
Summary, etc ВСТУП<br/>РОЗДІЛ 1 ВИЗНАЧЕННЯ ПОНЯТТЯ "КОНЦЕПТ"<br/>1.1 Дослідження поняття "концепт" у лінгвістичній науці та генезис терміну.<br/>1.2 Когнітивна лінгвістика та когнітивна структура концепту.<br/>1.3 Сутність прислівя та його аналіз як когнітивної одиниці.<br/>РОЗДІЛ 2 АНАЛІЗ КОНЦЕПТУ ЩАСТЯ В АНГЛІЙСЬКІЙ МОВІ<br/>2.1 Структура концепту щастя в англійській мові.<br/>2.2 Лексична одиниця happiness як основа концепту щастя.<br/>2.3 Англійські та українські прислівя як складова концепту щастя.<br/>ВИСНОВКИ
-- концепт, щастя, прислівя.
650 ## - SUBJECT ADDED ENTRY--TOPICAL TERM
Topical term or geographic name as entry element Research Papers
942 ## - ADDED ENTRY ELEMENTS (KOHA)
Koha item type Книги
Фонди
Withdrawn status Lost status Source of classification or shelving scheme Damaged status Not for loan Home library Current library Date acquired Source of acquisition Cost, normal purchase price Total Checkouts Full call number Barcode Date last seen Price effective from Koha item type
    Universal Decimal Classification     ВІЛ - Відділ іноземн. літератури НБ ВІЛ - Відділ іноземн. літератури НБ 16/04/2009 Акт №1 1.00   09 213385 20/12/2021 16/04/2009 Книги